| 000 | 00763nam a2200217 u 4500 | ||
|---|---|---|---|
| 005 | 20230316063545.0 | ||
| 008 | 141124s2002 es r 000 0 spa d | ||
| 020 | _a8484880400 | ||
| 035 | _aUPN01000200856 | ||
| 049 | _aI | ||
| 050 | 4 |
_aPZ8.3 _bC8.3 |
|
| 100 | 1 |
_aCurtis, Jamie Lee, _d1958- _936462 |
|
| 245 | 1 | 0 |
_aHoy me síento tonta y otros estados de ánimo / _cJamíe Lee Curtís ; il. Laura Cornell ; tr. Miguel Angel Mendo. |
| 260 |
_aBarcelona, Esp. : _bSerres, _c2002. |
||
| 300 |
_a[33] p. : _bil. col. |
||
| 534 |
_pTítulo original: _tToday I feel silly & other moods that make my day |
||
| 650 | 4 |
_aPOESIA INFANTIL ESTADOUNIDENSE _923593 |
|
| 650 | 4 |
_aEmociones en niños _vLiteratura infantil _921332 |
|
| 905 | _aInfantil | ||
| 999 |
_c172957 _d172957 |
||